00296nam a2200109Ia 450000500170000000800410001704100080005810000300006624500370009626000330013330000200016620251223131553.0251219s9999 xx 000 0 und d aeng aTejgyan Global Fondation  aSwastya prapti sati vichar niyam bWow Publication / Punec2016 a200bPaper Back